LEADER 01177cam0-2200349---450- 001 990005819890403321 005 20130606113937.0 010 $a8886135165 035 $a000581989 035 $aFED01000581989 035 $a(Aleph)000581989FED01 035 $a000581989 100 $a19990604d1993----km-y0itay50------ba 101 0 $aita 102 $aIT 105 $af-------001yy 200 1 $aCarlo Battisti, glottologo e attore neorealista$fa cura di Emanuele Banfi 210 $aTrento$cUniversità degli studi di Trento, Dipartimento di scienze filologiche e storiche$d1993 215 $a94 p., [2] c. di tav.$cill.$d21 cm 225 1 $aLabirinti$v5 300 $aSul retro del frontespizio: Atti della giornata di studio nel centodecimo anniversario della nascita di Carlo Battisti, Trento, 14 novembre 1992 610 0 $aBattisti, Carlo 676 $a440.092 676 $a410.92 702 1$aBanfi,$bEmanuele 801 0$aIT$bUNINA$gRICA$2UNIMARC 901 $aBK 912 $a990005819890403321 952 $a410.92 BAT 1$bDIP.FIL.MOD. 8258$fFLFBC 959 $aFLFBC 996 $aCarlo Battisti, glottologo e attore neorealista$9567587 997 $aUNINA LEADER 01817nam 2200397Ia 450 001 996393942803316 005 20200824121822.0 035 $a(CKB)4940000000115175 035 $a(EEBO)2248511294 035 $a(UnM)99897785e 035 $a(UnM)99897785 035 $a(EXLCZ)994940000000115175 100 $a19990114d1677 uy | 101 0 $aeng 135 $aurbn||||a|bb| 200 14$aThe Italian convert$b[electronic resource] $enews from Italy of a second Moses: or the life of Galeacius Caracciolus, the noble Marquess of Vico. Containing the story of his admirable conversion from popery, and forsaking of a rich marquesdom for the Gospels sake. Illustrated with several figures. Written first in Italian, thence translated into Latin by reverend Beza; and for the benefit of our people put into English: and now published by W.C 210 $aLondon $cprinted for Abel Roper, at the sign of the sun in Fleetstreet against St. Dunstans Church$d1677 215 $a[16], 140 p., plates 300 $aA translation of: Balbani, Niccolo. Historia della vita di Galeazzo Caracciolo. 300 $aW.C. = William Crashaw. 300 $aRunning title reads: The life of Galeacius Caracciolus, Marq. of Vico. 300 $aReproduction of original in the Folger Shakespeare Library. 330 $aeebo-0055 606 $aReformed Church converts$vBiography$vEarly works to 1800 606 $aProtestants$zItaly$vBiography$vEarly works to 1800 615 0$aReformed Church converts 615 0$aProtestants 700 $aBalbani$b Niccolo$fd. 1587.$01011042 701 $aCrashaw$b William$f1572-1626.$01003024 801 0$bCu-RivES 801 1$bCu-RivES 801 2$bWaOLN 906 $aBOOK 912 $a996393942803316 996 $aThe Italian convert$92362526 997 $aUNISA